000 00602nam a2200157 a 4500
001 000029515
003 OSt
005 20210407161815.0
008 110418s1989 000 spa d
040 _aDO-SdBNP
_bspa
_cBNPHU
049 _aBNPD
245 0 0 _aEncuentro del compañero Juan Bosch con la Asociación de Pequeños y Medianos Empresarios (APYME) :
_bdiscurso dicho por Juan Bosch, presidente del Partido de la Liberación Dominicana, el 5 de julio de 1989, en el Hotel Comodoro /.
260 _aSanto Domingo :
_bEditora Alfa y Omega,
_c1989.
300 _a12 p. ;
_c22 cm.
942 _2ddc
_cLBS1
999 _c29007
_d29007